00589 a2200181 4500003000400000005001700004008004100021020001800062040000900080082001800089100001900107245004600126260003900172300000900211942004200220952012800262999001700390OSt20231222123125.0231222b |||||||| |||| 00| 0 eng d a9789350729830 coclc a891.43bVAN/H aVanaja, K9437 aHARIT BHASHAVAIGYANIK VIMARSH /cK Vanaja aNew Delhi:bVani Prakashan,c2015. a189p 2ddccBKh891.43iVAN/Hk891.43mVAN/H 00102ddc40708LITaMESbMEScHINd2023-12-22l0o891.43 VAN/Hp43163r2023-12-22 12:32:09v425.00w2023-12-22yBKzGR6R4 c43529d43529